<?xml version="1.0" encoding="UTF-8"?>
<record
    xmlns:xsi="http://www.w3.org/2001/XMLSchema-instance"
    xsi:schemaLocation="http://www.loc.gov/MARC21/slim http://www.loc.gov/standards/marcxml/schema/MARC21slim.xsd"
    xmlns="http://www.loc.gov/MARC21/slim">

  <leader>00760nam a2200253Ia 4500</leader>
  <controlfield tag="008">160404s9999    xx            000 0 und d</controlfield>
  <datafield tag="020" ind1=" " ind2=" ">
    <subfield code="a">971-584-417-0</subfield>
  </datafield>
  <datafield tag="050" ind1=" " ind2=" ">
    <subfield code="a">FIL RS 164</subfield>
  </datafield>
  <datafield tag="050" ind1=" " ind2=" ">
    <subfield code="b">.R86 2005 v.1</subfield>
  </datafield>
  <datafield tag="100" ind1=" " ind2=" ">
    <subfield code="a">Rummel, Dietmar J.</subfield>
  </datafield>
  <datafield tag="245" ind1=" " ind2=" ">
    <subfield code="a">Useful plants of the Philippines :</subfield>
  </datafield>
  <datafield tag="245" ind1=" " ind2=" ">
    <subfield code="b">a scientific guide to modern botanical medicine /</subfield>
  </datafield>
  <datafield tag="245" ind1=" " ind2=" ">
    <subfield code="c">Dietmer J. Rummel.</subfield>
  </datafield>
  <datafield tag="260" ind1=" " ind2=" ">
    <subfield code="a">Quezon City:</subfield>
  </datafield>
  <datafield tag="260" ind1=" " ind2=" ">
    <subfield code="b">C &amp; E Pub. Inc.,</subfield>
  </datafield>
  <datafield tag="260" ind1=" " ind2=" ">
    <subfield code="c">2005</subfield>
  </datafield>
  <datafield tag="300" ind1=" " ind2=" ">
    <subfield code="a">505 pages :</subfield>
  </datafield>
  <datafield tag="300" ind1=" " ind2=" ">
    <subfield code="b">colored illustrations. ;</subfield>
  </datafield>
  <datafield tag="300" ind1=" " ind2=" ">
    <subfield code="c">25 cm.</subfield>
  </datafield>
  <datafield tag="440" ind1=" " ind2=" ">
    <subfield code="v">v.1</subfield>
  </datafield>
  <datafield tag="500" ind1=" " ind2=" ">
    <subfield code="a">Includes bibliographical references and index.</subfield>
  </datafield>
  <datafield tag="650" ind1=" " ind2=" ">
    <subfield code="a">Medicinal plants -- Philippines.</subfield>
  </datafield>
  <datafield tag="650" ind1=" " ind2=" ">
    <subfield code="x">Medicinal plants -- Economic aspects -- Philippines.</subfield>
  </datafield>
  <datafield tag="999" ind1=" " ind2=" ">
    <subfield code="c">293106</subfield>
    <subfield code="d">293106</subfield>
  </datafield>
  <datafield tag="952" ind1=" " ind2=" ">
    <subfield code="0">0</subfield>
    <subfield code="1">0</subfield>
    <subfield code="4">0</subfield>
    <subfield code="a">SMC</subfield>
    <subfield code="b">SMC</subfield>
    <subfield code="c">FIL</subfield>
    <subfield code="d">2006-06-20</subfield>
    <subfield code="g">595.00</subfield>
    <subfield code="l">0</subfield>
    <subfield code="o">FIL RS 164 .R86 2005 v.1</subfield>
    <subfield code="p">SMC03233</subfield>
    <subfield code="r">2016-04-04 00:00:00</subfield>
    <subfield code="w">2016-04-04</subfield>
    <subfield code="y">BK </subfield>
  </datafield>
</record>
